| 000 -LEADER |
| fixed length control field |
00836nam a22002297a 4500 |
| 003 - CONTROL NUMBER IDENTIFIER |
| control field |
OSt |
| 005 - DATE AND TIME OF LATEST TRANSACTION |
| control field |
20180922113137.0 |
| 008 - FIXED-LENGTH DATA ELEMENTS--GENERAL INFORMATION |
| fixed length control field |
180226b xxu||||| |||| 00| 0 spa d |
| 020 ## - INTERNATIONAL STANDARD BOOK NUMBER |
| International Standard Book Number |
9505083351 |
| 040 ## - CATALOGING SOURCE |
| Transcribing agency |
PJ |
| 100 ## - ASIENTO PRINCIPAL - NOMBRE DE PERSONA |
| 9 (RLIN) |
37 |
| Personal name |
Creo Bay, Horacio |
| 245 10 - MENCIÓN DE TÍTULO |
| Título propiamente dicho |
Recurso extraordinario por salto de instancia / |
| Mención de responsabilidad, etc |
Horacio D. Creo Bay. |
| 260 ## - PUBLICATION, DISTRIBUTION, ETC. (IMPRINT) |
| Place of publication, distribution, etc |
Buenos Aires : |
| Name of publisher, distributor, etc |
Astrea, |
| Date of publication, distribution, etc |
1990. |
| 300 ## - DESCRIPCION FISICA |
| Extent |
112 p. |
| Dimensions |
20 cm. |
| 500 ## - NOTA GENERAL |
| General note |
Notas y citas a pie de página. |
| 505 ## - FORMATTED CONTENTS NOTE |
| Formatted contents note |
Contenido:<br/>Antecedentes -- El nacimiento del "per saltum" -- Análisis del caso "Dromi" -- Requisitos -- Criterio de admisibilidad -- Trámite.<br/> |
| 650 #0 - ASIENTO SECUNDARIO DE MATERIA - TERMINO TEMATICO |
| Topical term or geographic name as entry element |
DERECHO PROCESAL |
| 9 (RLIN) |
267 |
| 650 #0 - ASIENTO SECUNDARIO DE MATERIA - TERMINO TEMATICO |
| Topical term or geographic name as entry element |
FALLOS DE LA CORTE SUPREMA |
| 9 (RLIN) |
699 |
| 650 #0 - ASIENTO SECUNDARIO DE MATERIA - TERMINO TEMATICO |
| Topical term or geographic name as entry element |
RECURSO EXTRAORDINARIO |
| 9 (RLIN) |
2044 |
| 650 #0 - ASIENTO SECUNDARIO DE MATERIA - TERMINO TEMATICO |
| Topical term or geographic name as entry element |
PER SALTUM |
| 9 (RLIN) |
2256 |
| 942 ## - ADDED ENTRY ELEMENTS (KOHA) |
| Source of classification or shelving scheme |
|
| Koha item type |
Libros |
| Classification part |
347.9:342.4 |
| Item part |
CREO |